| 000 | 00384nam a2200145Ia 4500 | ||
|---|---|---|---|
| 008 | 240624s9999 xx 000 0 und d | ||
| 041 | _aeng | ||
| 082 | _a658.83 MAL | ||
| 100 | _aMALHOTRA NARESH K | ||
| 245 | _aMARKETING RESEARCH AN APPLIED ORIENTATIO | ||
| 250 | _a(4th ed.) | ||
| 260 |
_c2004 _aNew Delhi _bPearson Education |
||
| 300 | _axxix, : 713 : p. : cm. ; 27 | ||
| 365 | _cRS | ||
| 999 |
_c1541 _d1541 |
||